|
|
|
|
| LEADER |
00000nam0a2200000 4500 |
| 001 |
350914 |
| 005 |
20231102010342.0 |
| 035 |
|
|
|a (RuTPU)RU\TPU\retro\5294
|
| 090 |
|
|
|a 350914
|
| 100 |
|
|
|a 20190314d1975 k y0rusy50 ca
|
| 101 |
0 |
|
|a rus
|
| 102 |
|
|
|a RU
|
| 105 |
|
|
|a a z 101zy
|
| 200 |
1 |
|
|a Молодые ученые и специалисты Томской области в девятой пятилетке
|e материалы научно-практической конференции
|h Секция физики твердого тела
|f Томский государственный университет (ТГУ) ; Томский ОблСовПроф ; Томская область, Областной комитет ВЛКСМ ; Совет ректоров вузов города Томска
|
| 210 |
|
|
|a Томск
|c Изд-во Томского ун-та
|d 1975
|
| 215 |
|
|
|a 226 с.
|c ил.
|
| 300 |
|
|
|a В суперобложке
|
| 316 |
|
|
|5 63413507: КР-6273
|a На обложке дарственная надпись: "Глубокоуважаемому Александру Акимовичу Воробьеву от автора одной из работ. Коровким М. В. 31.X-75 г."
|
| 317 |
|
|
|5 63413507: КР-6273
|a Поступила в НТБ в 1987 г. в дар от вдовы ученого Е. К. Завадовской
|
| 320 |
|
|
|a Библиогр. в конце докл.
|
| 330 |
|
|
|a В сборнике представлены доклады, прочитанные на научно-практической конференции "Молодые учёные и специалисты Томске" области в девятой пятилетке" (секция физики твердого тела). Рассмотрены вопросы, связанные с разработкой теории сплавов а физических основ создания новых материалов (подсекция физики металлов), теоретическим ж экспериментальным изучением полупроводниковых материалов, приборов и др. (подсекция физики полупроводников). Сборник предназначен для широкого круга исследователей и инженеров, работающих в области физики твердого тела, а также для студентов и аспирантов соответствующих специальностей.
|
| 606 |
1 |
|
|a Физика твердого тела
|2 stltpush
|3 (RuTPU)RU\TPU\subj\63727
|9 80702
|
| 610 |
1 |
|
|a физические свойства
|
| 610 |
1 |
|
|a металлы
|
| 610 |
1 |
|
|a полупроводники
|
| 610 |
1 |
|
|a диэлектрики
|
| 610 |
1 |
|
|a кристаллы
|
| 610 |
1 |
|
|a композиционные материалы
|
| 610 |
1 |
|
|a интерметаллиды
|
| 610 |
1 |
|
|a металлические сплавы
|
| 610 |
1 |
|
|a дефекты
|
| 610 |
1 |
|
|a фотоэлектрические свойства
|
| 610 |
1 |
|
|a теплофизические свойства
|
| 610 |
1 |
|
|a фазовые переходы
|
| 610 |
1 |
|
|a материалы конференций
|
| 610 |
1 |
|
|a библиотека А. А. Воробьева
|
| 610 |
1 |
|
|a дары библиотеке
|
| 610 |
1 |
|
|a дарственные надписи
|
| 675 |
|
|
|a 539.2(063)
|v 4
|
| 712 |
0 |
2 |
|a Томский государственный университет (ТГУ)
|2 stltpush
|3 (RuTPU)RU\TPU\col\397
|
| 712 |
0 |
2 |
|a Томский ОблСовПроф
|4 570
|
| 712 |
0 |
1 |
|a Томская область
|b Областной комитет ВЛКСМ
|c (1944-1991)
|2 stltpush
|3 (RuTPU)RU\TPU\col\22151
|9 28176
|
| 712 |
0 |
2 |
|a Совет ректоров вузов города Томска
|4 570
|
| 712 |
1 |
2 |
|a Молодые ученые и специалисты Томской области в девятой пятилетке
|c конференция
|e Томск
|f 1975
|4 570
|
| 801 |
|
1 |
|a RU
|b 63413507
|c 20190314
|
| 801 |
|
2 |
|a RU
|b 63413507
|c 20190604
|g RCR
|
| 942 |
|
|
|c BK
|